书目信息 |
| 题名: |
盖洛威创新型马拉松训练法
|
|
| 作者: | 加洛韦 著 ;高宏 译 | |
| 分册: | ||
| 出版信息: | 北京 机械工业出版社 2016.9 |
|
| 页数: | 247页 | |
| 开本: | 24cm | |
| 丛书名: | ||
| 单 册: | ||
| 中图分类: | G822.82 | |
| 科图分类: | ||
| 主题词: | 马拉松跑--运动训练 | |
| 电子资源: | ||
| ISBN: | 978-7-111-54440-1 | |
| 000 | 01274nam0 2200325 45 | |
| 001 | 012001000767 | |
| 005 | 20130909145609.0 | |
| 010 | @a978-7-111-54440-1@dCNY42.00 | |
| 092 | @aCN@bbk20160925sk-00496 | |
| 099 | @aCAL 012016139152 | |
| 100 | @a20161111d2016 em y0chiy0110 ea | |
| 101 | 1 | @achi@ceng |
| 102 | @aCN@b110000 | |
| 105 | @aak z 000yy | |
| 106 | @ar | |
| 200 | 1 | @a盖洛威创新型马拉松训练法@AGai Luo Wei Chuang Xin Xing Ma La Song Xun Lian Fa@f(美) 杰夫·盖洛威著@d= Marathon you can do it!@fJeff Galloway@g高宏译@zeng |
| 210 | @a北京@c机械工业出版社@d2016.9 | |
| 215 | @a247页@c图@d24cm | |
| 305 | @a据2001年英文版译出 | |
| 306 | @a本书由Shelter Publications, Inc.授权机械工业出版社出版 | |
| 314 | @a责任者Galloway规范汉译姓: 加洛韦 | |
| 330 | @a本书作者创新性的“跑——走——跑”的训练方法,将马拉松大门向每个人敞开——不仅是体格强健的运动员,还对那些身材走样、体重超标的普通人,或已过黄金生涯的运动员具有实用指导性价值。 | |
| 333 | @a本书适用于马拉松跑运动爱好者 | |
| 500 | 10 | @aMarathon you can do it!@mChinese |
| 606 | 0 | @a马拉松跑@x运动训练 |
| 690 | @aG822.82@v5 | |
| 701 | 1 | @a加洛韦@AJia Luo Wei@g(Galloway, Jeff)@4著 |
| 702 | 0 | @a高宏@Agao hong@4译 |
| 801 | @aCN@b江苏凤凰@c20211018 | |
| 905 | @b1340956-9@dG822.82@e186@f4 | |
| 盖洛威创新型马拉松训练法/(美) 杰夫·盖洛威著= Marathon you can do it!/Jeff Galloway/高宏译.-北京:机械工业出版社,2016.9 |
| 247页:图;24cm |
| 使用对象:本书适用于马拉松跑运动爱好者 |
| ISBN 978-7-111-54440-1:CNY42.00 |
| 本书作者创新性的“跑——走——跑”的训练方法,将马拉松大门向每个人敞开——不仅是体格强健的运动员,还对那些身材走样、体重超标的普通人,或已过黄金生涯的运动员具有实用指导性价值。 |
| ● |
| 相关链接 |
|
|
|
|
正题名:盖洛威创新型马拉松训练法
索取号:G822.82/186
 
预约/预借
| 序号 | 登录号 | 条形码 | 馆藏地/架位号 | 状态 | 备注 |
| 1 | 1340956 | 213409569 | 第一样本阅览室/ [索取号:G822.82/186] | 在馆 | |
| 2 | 1340957 | 213409578 | 第四借阅区/ [索取号:G822.82/186] | 在馆 | |
| 3 | 1340958 | 213409587 | 第四借阅区/ [索取号:G822.82/186] | 在馆 | |
| 4 | 1340959 | 213409596 | 第四借阅区/ [索取号:G822.82/186] | 在馆 |